000 01925cam a2200277zu 4500
001 88926762
003 FRCYB88926762
005 20251020123514.0
006 m o d
007 cr un
008 251020s2021 fr | o|||||0|0|||fre d
020 _a9782200632397
035 _aFRCYB88926762
040 _aFR-PaCSA
_bfr
_c
_erda
100 1 _aTeurtrie, David
245 0 1 _aRussie
_bLe retour de la puissance
_c['Teurtrie, David']
264 1 _bArmand Colin
_c2021
300 _a p.
336 _btxt
_2rdacontent
337 _bc
_2rdamdedia
338 _bc
_2rdacarrier
650 0 _a
700 0 _aTeurtrie, David
856 4 0 _2Cyberlibris
_uhttps://international.scholarvox.com/netsen/book/88926762
_qtext/html
_a
520 _aDe la crise ukrainienne à la guerre en Syrie, de l’ingérence supposée dans les élections américaines au vaccin Spoutnik-V, la Russie est revenue depuis quelques années sur le devant de la scène internationale dans un contexte de refroidissement sans précédent des relations russo-occidentales.Quels sont les ressorts de cette résurgence de la Russie au coeur de la géopolitique mondiale ? Quelle est la stratégie du Kremlin pour consolider les fondements de la puissance russe ? Comment interpréter la réactivation de l’opposition avec l’Occident sur fond de partenariat anti-hégémonique avec une Chine en plein essor ? Et surtout, la Russie a-t-elle encore les moyens économiques et humains de ses ambitions ?Cet ouvrage propose une analyse fine des fondements de la puissance russe contemporaine afin d’évaluer la durabilité et l’ampleur du retour de Moscou sur la scène internationale. 30 ans après l’effondrement de l’URSS, comprendre où en est la Russie aujourd’hui permet également de mieux appréhender les transformations profondes qui affectent l’architecture des relations internationales contemporaines.
999 _c1554508
_d1554508